Survey of English housing. (Record no. 61078)
[ view plain ]
| 000 -LEADER | |
|---|---|
| fixed length control field | 01042cam a2200193 4500 |
| 001 - CONTROL NUMBER | |
| control field | WB3524-35 |
| 008 - FIXED-LENGTH DATA ELEMENTS--GENERAL INFORMATION | |
| fixed length control field | 000000n1999 000 0 eng u |
| 035 ## - SYSTEM CONTROL NUMBER | |
| System control number | (Sirsi) u101984 |
| 245 ## - TITLE STATEMENT | |
| Title | Survey of English housing. |
| 260 ## - PUBLICATION, DISTRIBUTION, ETC. | |
| Date of publication, distribution, etc. | 1999 |
| 490 ## - SERIES STATEMENT | |
| Series statement | Office for National Statistics News Release |
| Volume/sequential designation | (219) 23 June 1999 (3) |
| 520 ## - SUMMARY, ETC. | |
| Summary, etc. | The Office for National Statistics fifth annual Survey of English Housing for 1997-98 has been published. Nearly 7/10 households are owner occupied, just over 2/10 rented from the council or a Registered Social Landlord, and 1/10 rented privately. This pattern varied according to ethnic group. Around 12% of households had moved in the previous year; 3/5 moves were local. More than 9/10 householders thought the people in their area were friendly, 2/3 thought crime was a problem in the area, and the majority thought services in their area were good. |
| 650 ## - SUBJECT ADDED ENTRY--TOPICAL TERM | |
| Topical term or geographic name entry element | ENGLAND |
| 650 ## - SUBJECT ADDED ENTRY--TOPICAL TERM | |
| Topical term or geographic name entry element | RENTED ACCOMMODATION |
| 650 ## - SUBJECT ADDED ENTRY--TOPICAL TERM | |
| Topical term or geographic name entry element | OWNER-OCCUPIERS |
| 650 ## - SUBJECT ADDED ENTRY--TOPICAL TERM | |
| Topical term or geographic name entry element | STATISTICS |
| 690 ## - LOCAL SUBJECT ADDED ENTRY--TOPICAL TERM (OCLC, RLIN) | |
| Topical term or geographic name as entry element | HOUSING |
| 942 ## - ADDED ENTRY ELEMENTS (KOHA) | |
| Suppress in OPAC | 0 |
| Withdrawn status | Lost status | Source of classification or shelving scheme | Damaged status | Not for loan | Home library | Current library | Shelving location | Date acquired | Total Checkouts | Full call number | Barcode | Date last seen | Copy number | Price effective from | Koha item type |
|---|---|---|---|---|---|---|---|---|---|---|---|---|---|---|---|
| Dewey Decimal Classification | London | London | News article | 15/11/1999 | WB3524-35 | 101984-1001 | 06/08/2019 | 1 | 06/08/2019 | News article |